02307cam a2200241 a 4500001000200000003000900002005001700011008004100028040002400069082002800093100003300121245004100154260008300195300003300278500007000311504003500381505005200416505070100468505070101169651005801870651005501928710008201983 DO-SdBNP20220506091802.0980911s1998 dr ab b 000 0dspa  aBPMSU bspacBPMSU  a972.9302bU26e 19982221 aUgarte, María,d1914-2011.10aEstampas coloniales /cMaria Ugarte. aSanto Domingo : bComisión Permanente de la Feria Nacional del Libro,c1998. a2 v. :bill., maps ;c23 cm. 3Incluye datos biográficos del autor en la solapa de la cubierta aBibliografía : (p. 335-340).0 av. 1. Siglo XVI -- v. 2. Siglos XVII-XVIII-XIX.0 aEn los tiempos de Ovando v.1 17 -- Oviedo, personaje polémico y fecundo cronista v.1 99 -- Los ingeniosos relatos del licenciado Méndez Nieto v.1 203 -- De aqui y de allá. Miscelanea v.1 325 -- Sobre devastaciones, milagros, arzobispos y otros temas v.2 17 -- No hay más ley ni más rey que don Rodrigo Pimentel v.2 65 -- Las elocuentes cartas de Fray Domingo Fernández de Navarrete 111 -- Varios v.2 135 -- Luis Joseph Peguero, el hatero historiador 161 -- Festejos oficiales v.2 213 -- Costumbres. Creencias y diversiones v.2 233 -- Ordenanzas sobre el régimen y gobierno de la isla v.2 273 -- Tras el Tratado de Basilea v.2 291 -- La España Boba, Bando de urrutia (1814) v.2 3050 aEn los tiempos de Ovando v.1 17 -- Oviedo, personaje polémico y fecundo cronista v.1 99 -- Los ingeniosos relatos del licenciado Méndez Nieto v.1 203 -- De aqui y de allá. Miscelanea v.1 325 -- Sobre devastaciones, milagros, arzobispos y otros temas v.2 17 -- No hay más ley ni más rey que don Rodrigo Pimentel v.2 65 -- Las elocuentes cartas de Fray Domingo Fernández de Navarrete 111 -- Varios v.2 135 -- Luis Joseph Peguero, el hatero historiador 161 -- Festejos oficiales v.2 213 -- Costumbres. Creencias y diversiones v.2 233 -- Ordenanzas sobre el régimen y gobierno de la isla v.2 273 -- Tras el Tratado de Basilea v.2 291 -- La España Boba, Bando de urrutia (1814) v.2 305 4aRepública Dominicana xHistoria yColonia 1503-1795 4aRepública Dominicana xVida social y costumbres.2 aComisión Permanente de la Feria Nacional del Libro (República Dominicana)